The control of industrial processes by digital techniques: the organisation, design and construction of digital control systems

Saved in:
Bibliografiske detaljer
Main Authors: Blaschke, W. S (Author), McGill, J (Author)
Format: Bog
Sprog:engelsk
Udgivet: Amsterdam Elsevier 1976
Fag:
Tags: Tilføj Tag
Ingen Tags, Vær først til at tagge denne postø!

MARC

LEADER 00000nam a2200000 a 4500
001 UCY6603
003 CL-VaPUC
008 950529e19760000NE |||||||||||||||||eng|d
082 0 4 |a 660.281  |b BLA  |2 21 
100 0 |a Blaschke, W. S  |e author  |9 336618 
700 0 |a McGill, J  |e author  |9 336619 
245 1 4 |a The control of industrial processes by digital techniques: the organisation, design and construction of digital control systems 
300 |a 185 p 
942 |c BK 
945 |d 19950529 00:00:00  |a awong 
260 |a Amsterdam  |b Elsevier  |c 1976 
650 0 |a Procesos industriales  |9 334036 
650 0 |a Sistemas de control  |9 263596 
650 7 |a COMPUTADORES DIGITALES  |2 CL-VaPUC  |9 336620 
650 0 |a Aplicaciones de computadores  |9 260401 
583 |a last modification  |c 19950529 00:00:00  |k Rodrigo Vera 
999 |c 234159  |d 234157 
952 |0 0  |1 0  |4 0  |6 660_281000000000000_BLA_1976  |7 0  |8 A  |9 240195  |a BIBING  |b BIBING  |d 2019-11-18  |i 3086631  |o 660.281 BLA 1976  |p 3086631  |r 2025-01-20  |w 2019-11-18  |y BK  |k EIQ